000 00387nam a2200133Ia 4500
008 220217s9999||||xx |||||||||||||| ||und||
020 _a8106508221
082 _a621.3822 GOL
100 _aGold, Ben and Morgan, Nelson
245 0 _aSpeech and audio signal processing
260 _aWiley india
_bNew Delhi
_c2007
300 _aXVIII, 537p.
_b549
650 _aSIGNAL PROCESSING
_9719
999 _c183948
_d183948